LEADER 01100nam a2200253 i 4500 001 000000047479 003 CaOOAMICUS 005 20120315000000.0 008 120315s1982 xx u000 u lat u 013 $a18649 020 $a88-209-1365-8 040 $aSeMil$bita 245 10$aDe imitatione Christi :$blibri quatuor /$cedizione critica a cura di Tiburzio Lupo. 260 $aCittą del Vaticano :$bLibreria Editrice Vaticana,$ccopyr. 1982. 300 $aXXVII, 369 p. ;$c24 cm. 490 0 $aStoria e attualitą ;$v6. 650 4$aDe imitatione Christi.$0(OLS)http://semarc/subject/4776 700 1 $aLupo, Tiburzio,$c.$0(OLS)http://semarc/name/13649 830 0$aStoria e attualitą ;$v6.$0(OLS)http://semarc/title/10072 850 $aSeMil 852 $aSeMil$W1$xVenegono$y1$m2C IV 170$j13634$B13634$CSeMilBibl$Z2$F13634 $81 996 $6020$a88-209-1365-8$9(OLS)http://semarc/number/20180 996 $6245$aDe imitatione Christi :$blibri quatuor$9(OLS)http://semarc/title/71550 996 $6260$aCittą del Vaticano :$bLibreria Editrice Vaticana$9(OLS)http://semarc/publisher/29734 LEADER 01239nam a2200277 i 4500 001 000000112156 003 CaOOAMICUS 005 20030210000000.0 008 030210n it u000 u ita u 013 $a84840 040 $aSeMil$bita 245 10$aChiesa :$bcarismi e ministeri : atti del 5. Convegno ecclesiale, 6-7-8- Settembre 1985. 260 $a[S.l. :$bs.n.,$c1985?] 300 $a239 p. ;$c25 cm. 500 $aIn testa al front. : Diocesi di Acerra. - Fondo Card. C.M. Martini. 650 4$aMinisteri (Religione).$0(OLS)http://semarc/subject/15755 650 4$aCarismi.$0(OLS)http://semarc/subject/5606 650 4$aAcerra (Diocesi) - Convegni ecclesiali.$0(OLS)http://semarc/subject/20166 700 1 $aAcerra .$0(OLS)http://semarc/name/46997 711 0 $aConvegno Ecclesiale <5. ; 1985 ; Acerra>.$0(OLS)http://semarc/name/46996 850 $aSeMil 852 $aSeMil$W1$xVenegono$y1$m2F III 24$j67938$B67938$CSeMilBibl$Z2$F84124 $81 941 1 $a4 961 $aOmaggio: Martini Card. Carlo Maria 996 $6245$aChiesa :$bcarismi e ministeri : atti del 5. Convegno ecclesiale, 6-7-8- Settembre 1985$9(OLS)http://semarc/title/163463 996 $6260$a[S.l. :$bs.n.$9(OLS)http://semarc/publisher/31686